Statistics for Fifa 19 Top 50 Players

Click here to take the quiz!

General Stats

  • This quiz has been taken 53 times
  • The average score is 31 of 50

Answer Stats

Rating Name % Correct
94Ronaldo
100%
94Messi
100%
92Neymar
98%
91Modric
96%
91De Gea
89%
91Hazard
87%
91De Bruyne
82%
91Suarez
82%
90Lewandowski
82%
90Neuer
80%
87Mbappe
80%
90Courtois
80%
91Ramos
76%
90Kroos
76%
89Aguero
76%
89 David Silva
73%
88Thiago Silva
73%
88Pogba
73%
88Salah
69%
88Marcelo
69%
89Cavani
69%
89Kane
64%
87Pique
62%
87Lukaku
62%
89Kante
60%
90Oblak
60%
88Bale
60%
89Chiellini
58%
89Griezmann
58%
88Buffon
56%
88Coutinho
56%
89Isco
53%
89Dybala
53%
88Lloris
53%
89Hummels
51%
87Jordi Alba
49%
88Higuain
49%
87Rakitic
47%
90Godin
44%
88Busquets
44%
88Casemiro
40%
87Iniesta
40%
89Ter Stegen
38%
88Eriksen
38%
87Umtiti
38%
88Handanovic
33%
87Vertonghen
33%
88Rodriguez
33%
88Insigne
20%
87Hamsik
16%

Score Distribution

Percentile by Number Answered

Percent of People with Each Score

Your Score History

You have not taken this quiz